WWE Speed Champions - Statistics

General Stats
  • This quiz has been taken 313 times
    11 since last reset
  • The average score is 4 of 6
Answer Stats
Title Reigns Last Won Champion % Correct
1 2025 El Grande Americano
89%
1 2024 Dragon Lee
78%
1 2024 Andrade
67%
1 2026 Elio LeFleur
67%
1 2025 Jasper Troy
67%
1 2024 Ricochet
67%
No matching quizzes found
Score Distribution
Percent of People with Each Score
Percentile by Number Answered
Your Score History
You have not taken this quiz since the last reset